Normal view
MARC view
Entry Topical Term
001 - CONTROL NUMBER
- control field: 11032
003 - CONTROL NUMBER IDENTIFIER
- control field: ARRUPE
005 - DATE AND TIME OF LATEST TRANSACTION
- control field: 20140827162025.0
008 - FIXED-LENGTH DATA ELEMENTS
- fixed length control field: 140827|| aca||aabn | a|a d
040 ## - CATALOGING SOURCE
- Original cataloging agency: ARRUPE
- Transcribing agency: ARRUPE
150 ## - HEADING--TOPICAL TERM
- Topical term or geographic name as entry element: Mass media
- General subdivision: Social aspects.
670 ## - SOURCE DATA FOUND
- Source citation: Work cat.: (ARRUPE)0: Harris, Jan Ll., 1969- 11027, Digital matters :, 2005.